Welcome to the Holygrace Academy Library

Please use search bar below to get started

CBSE QUESTION PAPERS ECONOMICS -12TH (Record no. 8944)

MARC details
000 -LEADER
fixed length control field 00352nam a22001337a 4500
082 ## - DEWEY DECIMAL CLASSIFICATION NUMBER
Classification number 330
Item number OSW/C
100 ## - MAIN ENTRY--AUTHOR NAME
Personal name OSWAAL
245 ## - TITLE STATEMENT
Title CBSE QUESTION PAPERS ECONOMICS -12TH
246 ## - VARYING FORM OF TITLE
Title proper/short title CBSE QUESTION PAPERS ECONOMICS -12TH
Remainder of title CBSE QUESTION PAPERS ECONOMICS -12TH
260 ## - PUBLICATION, DISTRIBUTION, ETC. (IMPRINT)
Place of publication NEW DELHI
Name of publisher OSWAAL
Year of publication 2024
300 ## - PHYSICAL DESCRIPTION
Number of Pages 256
650 ## - SUBJECT ADDED ENTRY--TOPICAL TERM
Topical Term ECONOMICS
942 ## - ADDED ENTRY ELEMENTS (KOHA)
Koha item type Books
Holdings
Withdrawn status Lost status Collection code Home library Current library Shelving location Date acquired Source of acquisition Cost, normal purchase price Full call number Accession Number Koha item type
    Reference Main Library Main Library NEW SHELF WITH NEW ENTRY 05/09/2024 PURCHASED 499.00 330 OSW/C 13707 Books